• 首页
  • 本馆介绍
  • 公告通知
  • 最新文献
  • 馆藏检索
  • 电子资源
  • 读者导购
  • 参考咨询
  • 我的图书馆
  • 登录
  • 详细信息显示
  • 放入我的书架
  • 预约/预借图书
  • 作者相关作品
  • 分类相关作品
  • 丛书相关作品
  • 出版社相关作品

书目信息

  • 表格格式
  • 工作单格式
  • 卡片格式
题名:
趣味地球化学
    
 
作者: 费尔斯曼 , Ферсман 著 ;石英 , 安吉 译
分册:  
出版信息: 北京   中国青年出版社  1956
页数: 459页
开本: 21cm
丛书名:
单 册:
中图分类: P59-49
科图分类:
主题词: 地球化学--普及读物
电子资源:
ISBN: 13009.5
000 00880cam0 2200265 450
001 0105410645
005 20071120161341.0
010    @a13009.5@dCNY2.10
091    @a13009.5@b精装@dCNY2.10
100    @a19970715d1956 em y0chiy0110 ea
101 1  @achi@crus
102    @aCN@b110000
105    @ay z 000yy
106    @ar
200 1  @a趣味地球化学@9Qu Wei Di;De Qiu Hua Xue @f(苏)费尔斯曼(Александр Евгеньевич Ферсман)著@g石英,安吉译@b专著
210    @a北京@c中国青年出版社@d1956
215    @a459页@d21cm
606 0  @a地球化学@x普及读物
690    @aP59-49@v3
701  1 @c(苏)@a费尔斯曼@c(Ферсман, Александр Евгеньевич@f1883~1945)@9fei er si man@4著
701  1 @aФерсман@bА.Е.@4著
702  0 @a石英@9shi ying@4译
702  0 @a安吉@9an ji@4译
801  0 @aCN@bAiZhiMarc
905    @aBZT@dP59@e2@f1@sP59/2
    
    趣味地球化学/(苏)费尔斯曼(Александр Евгеньевич Ферсман)著/石英,安吉译.-北京:中国青年出版社,1956
    459页;21cm
    
    
    ISBN 13009.5:CNY2.10
    
●
相关链接 在五车中查询图书 在当当中查询图书 在豆瓣中查询图书


正题名:趣味地球化学     索取号:P59/2         预约/预借

序号 登录号 条形码 馆藏地/架位号 状态 备注
1 2000103885   2000103885   旧书回溯/ [索取号:P59/2] 在馆    
山东省滨州职业学院图书馆 欢迎您!
大连网信软件有限公司© 版权所有